ბათუმის შოთა რუსთაველის სახელმწიფო უნივერსიტეტის ბიბლიოთეკა

ბიზნესის რელიგიური ასპექტები: (ბიბ.ჩანაწერი № 61259)

000 -ლიდერი
ფიქსირებული სიგრძის საკონტროლო ველი 01727nam a22002657a 4500
003 - საკონტროლო ნომრის იდენტიფიკატორი
საკონტროლო ველი Ge_BSU
005 - ბოლო ოპერაციის თარიღი და დრო
საკონტროლო ველი 20240116121139.0
008 - ფიქსირებული სიგრძის მონაცემთა ელემენტები - ზოგადი ინფორმაცია
ფიქსირებული სიგრძის საკონტროლო ველი 240116s2023 ge ||||| |||| 00| 0 geo d
020 ## - წიგნის საერთაშორისო სტანდარტული ნომერი
International Standard Book Number 9789941289729
041 ## - ენის კოდი
Language code of text/sound track or separate title geo
080 ## - უნივერსალური ათობითი კლასიფიკაციის ინდექსი
Universal Decimal Classification number 26 + 27 + 338.22 ჯ-71
100 ## - მთავარი ჩანაწერი - პიროვნების სახელი
Personal name ჯორბენაძე, ზურაბ
9 (RLIN) 21044
245 ## - ცნობა სათაურის შესახებ
Title ბიზნესის რელიგიური ასპექტები:
Remainder of title იუდაიზმი და მართლმადიდებელი ქრისტიანობა : [მონოგრაფია] /
Statement of responsibility, etc ზურაბ ჯორბენაძე ; რედაქტორი ბ. ცხადაძე ; საქართველოს ტექნიკური უნივერსიტეტი.
250 ## - გამოცემის ცნობა
Edition statement მე-2 გადამუშავებული გამოცემა.
264 ## - წარმოების, გამოცემის, დისტრიბუციის და სხვა ცნობები
გამოცემის, წარმოების, დისტრიბუციის... ადგილი თბილისი :
გამოცემის, წარმოების, დისტრიბუციის... სახელწოდება ტექნიკური უნივერსიტეტი,
გამოცემის, წარმოების, დისტრიბუციის... თარიღი 2023.
300 ## - ფიზიკური აღწერა
Extent 200 გვ. ;
Other physical details 21 სმ.
500 ## - ზოგადი შენიშვნა
General note ეძღვნება საქართველოს ტექნიკური უნივერსიტეტის დაარსების 100 წლისთავს.
504 ## - BIBLIOGRAPHY, ETC. NOTE
Bibliography, etc ბიბლიოგრაფია: გვ. 198.
653 ## - INDEX TERM--UNCONTROLLED
Uncontrolled term იუდაიზმი
653 ## - INDEX TERM--UNCONTROLLED
Uncontrolled term მართლმადიდებელი ქრისტიანობა
653 ## - INDEX TERM--UNCONTROLLED
Uncontrolled term ბისნესი და რელიგია
700 ## - ADDED ENTRY--PERSONAL NAME
Personal name ცხადაძე, ბ.
Relator term რედაქტორი
9 (RLIN) 6516
710 ## - ADDED ENTRY--CORPORATE NAME
Corporate name or jurisdiction name as entry element საქართველოს ტექნიკური უნივერსიტეტი
9 (RLIN) 21045
942 ## - ADDED ENTRY ELEMENTS (KOHA)
Source of classification or shelving scheme
Koha item type წიგნი
ეგზემპლარები
ჩამოწერის სტატუსი დაკარგული ეგზემპლარის სტატუსი კლასიფიკაციის წყარო ან თაროზე გაწყობის სქემა დაზიანების სტატუსი არ გაიცემა მუდმივი მდებარეობა (დაცვის ადგილი) ამჟამინდელი ადგილსამყოფელი თაროზე განთავსების ადგილი შეძენის თარიღი ღირებულება, შესყიდვის ნორმალური ფასი სრული შენახვის შიფრი შტრიხკოდი ბოლო ოპერაციის თარიღი ეგზემპლარის მიმდევრობითი ნომერი (კეტერი?) ფასის ძალაში შესვლის თარიღი ეგზემპლარის სახეობა საჯარო შენიშვნა
          ბათუმის შოთა რუსთაველის სახელმწიფო უნივერსიტეტის მთავარი ბიბლიოთეკა ბათუმის შოთა რუსთაველის სახელმწიფო უნივერსიტეტის მთავარი ბიბლიოთეკა წიგნსაცავი 2024-01-16 17.00 26 + 27 + 338.22 ჯ-71 67128 2024-01-16 67128 2024-01-16 წიგნი 17 ლ.
          ბათუმის შოთა რუსთაველის სახელმწიფო უნივერსიტეტის მთავარი ბიბლიოთეკა ბათუმის შოთა რუსთაველის სახელმწიფო უნივერსიტეტის მთავარი ბიბლიოთეკა წიგნსაცავი 2024-01-16 17.00 26 + 27 + 338.22 ჯ-71 67129 2024-01-16 67129 2024-01-16 წიგნი 17 ლ.
          ბათუმის შოთა რუსთაველის სახელმწიფო უნივერსიტეტის მთავარი ბიბლიოთეკა ბათუმის შოთა რუსთაველის სახელმწიფო უნივერსიტეტის მთავარი ბიბლიოთეკა წიგნსაცავი 2024-01-16 17.00 26 + 27 + 338.22 ჯ-71 67130 2024-01-16 67130 2024-01-16 წიგნი 17 ლ.